| 000 | 00551nam a22001937a 4500 | ||
|---|---|---|---|
| 999 |
_c32069 _d32066 |
||
| 003 | OSt | ||
| 005 | 20210422103932.0 | ||
| 008 | 210422b ||||| |||| 00| 0 eng d | ||
| 020 | _a9966211055 | ||
| 040 |
_aMMU _bEng _cMMU |
||
| 050 | _aBX1680.3.H3613 1994 | ||
| 100 | _aHaring Bernhand | ||
| 245 |
_aI have learnt with wonder _bMy experiience with the church in africa _cBenharnd Haring |
||
| 260 |
_aLimuru: _bKolbe press, _c1994. |
||
| 300 | _a96p | ||
| 500 | _aincludes reference | ||
| 650 |
_aworship _vAfrican church |
||
| 942 |
_2lcc _cLOAN LOAN |
||